Η κατασκευή της κοινωνικής πραγματικότητας και τα μέσα μαζικής επικοινωνίας : η περίπτωση της βίας και της εγκληματικότητας
Αποθηκεύτηκε σε:
| Κύριος συγγραφέας: | |
|---|---|
| Μορφή: | Βιβλίο |
| Γλώσσα: | Greek |
| Δημοσίευση: |
Αθήνα :
Ελληνικά Γράμματα,
1999
|
| Έκδοση: | 2η έκδ. |
| Θέματα: | |
| Ετικέτες: |
Προσθήκη ετικέτας
Δεν υπάρχουν, Καταχωρήστε ετικέτα πρώτοι!
|
MARC
| LEADER | 00000nam a2200000 i 4500 | ||
|---|---|---|---|
| 001 | 1/28239 | ||
| 008 | 021024s1999 gre d | ||
| 020 | |a 960-344-354-9 | ||
| 035 | |l 10068581 | ||
| 040 | |a GR-MY-UA |b gre |e aacr | ||
| 041 | 0 | |a gre | |
| 082 | 0 | |a 302.23 | |
| 100 | 1 | |a Λαμπροπούλου, Έφη Π. | |
| 245 | 1 | 2 | |a Η κατασκευή της κοινωνικής πραγματικότητας και τα μέσα μαζικής επικοινωνίας : |b η περίπτωση της βίας και της εγκληματικότητας / |c Έφη Π. Λαμπροπούλου |
| 250 | |a 2η έκδ. | ||
| 260 | |a Αθήνα : |b Ελληνικά Γράμματα, |c 1999 | ||
| 300 | |a 205 σ.; |b εικ.; |c 20 εκ. | ||
| 504 | |a Περιέχει βιβλιογραφικές παραπομπές και ευρετήριο | ||
| 650 | 0 | 0 | |a Mass media |x Social aspects. |
| 852 | |a INST |b LESVOS |e 20021024 |h 302.23 ΛΑΜ |p 005100024957 |q 005100024957 |t BK |y 0 | ||
| 901 | |a BIBL1-2002-3 | ||
| 909 | |a Λ |b 102605 | ||
| 970 | |a ΚΑΜΑΤΣΟΥ |b ΔΕΣΠΟΙΝΑ |z 2002/10/24 | ||